Statistics for Top 25 Transfers - Football Season 2014/15

Click here to take the quiz!

General Stats

  • This quiz has been taken 58 times
  • The average score is 21 of 25

Answer Stats

FromToNatPosFeePlayer% Correct
Real MadridManchester UnitedARGRW€75.00mÁngel Di María
100%
LiverpoolFC BarcelonaURUST€81.72mLuis Suárez
100%
FC BarcelonaArsenalCHILW€42.50mAlexis Sánchez
98%
ChelseaPSGBRACB€49.50mDavid Luiz
98%
MonacoReal MadridCOLCAM€75.00mJames Rodríguez
98%
ChelseaEvertonBELST€35.36mRomelu Lukaku
98%
Real SociedadAtlético MadridFRAST€54.00mAntoine Griezmann
96%
SouthamptonLiverpoolCROCB€25.30mDejan Lovren
96%
Atlético MadridChelseaESPST€38.00mDiego Costa
96%
SouthamptonManchester UnitedENGLB€37.50mLuke Shaw
96%
FC BayernAtlético MadridCROST€22.00mMario Mandzukic
94%
RB SalzburgSouthamptonSENLW€23.00mSadio Mané
94%
FC BayernReal MadridGERCM€25.00mToni Kroos
94%
Athletic BilbaoManchester UnitedESPCM€36.00mAnder Herrera
92%
FC BarcelonaChelseaESPCM€33.00mCesc Fàbregas
91%
FiorentinaChelseaCOLRW€31.00mJuan Cuadrado
91%
RomaFC BayernMARCB€28.00mMehdi Benatia
87%
ChelseaWolfsburgGERLW€32.00mAndré Schürrle
85%
SouthamptonLiverpoolENGCAM€31.00mAdam Lallana
79%
PortoManchester CityFRACB€45.00mEliaquim Mangala
79%
SwanseaManchester CityCIVST€32.30mWilfried Bony
74%
BenficaLiverpoolSRBRW€25.00mLazar Markovic
68%
SouthamptonArsenalENGCB€20.23mCalum Chambers
51%
Hellas VeronaRomaPARLW€24.50mJuan Iturbe
36%
BenficaValenciaARGCM€25.00mEnzo Pérez
32%

Score Distribution

Percentile by Number Answered

Percent of People with Each Score

Your Score History

You have not taken this quiz